Bayesian approach to inverse problems /

Bibliographic Details
Other Authors: Idier, Jérôme
Format: Book
Language:English
Published: London : Hoboken, NJ : ISTE ; Wiley, 2008.
Series:Digital signal and image processing series.
Subjects:
Online Access:Contributor biographical information
Publisher description
Table of contents only

MARC

Tag First Indicator Second Indicator Subfields
LEADER 00000cam a22000004a 4500
001 in00002385421
005 20151109083807.0
008 071119s2008 enka b 001 0 eng
010 |a  2007047723 
020 |a 9781848210325 
020 |a 1848210329 
035 |a (OCoLC)ocn181730755 
035 |a (OCoLC)181730755 
040 |a DLC  |c DLC  |d YDXCP  |d BTCTA  |d BAKER  |d C#P  |d BWX  |d BWK  |d CDX  |d UtOrBLW 
041 1 |a eng  |h fre 
049 |a TXAM 
050 0 0 |a QA371  |b .B365 2008 
082 0 0 |a 515/.357  |2 22 
245 0 0 |a Bayesian approach to inverse problems /  |c edited by Jérôme Idier. 
264 1 |a London :  |b ISTE ;  |a Hoboken, NJ :  |b Wiley,  |c 2008. 
300 |a 381 pages :  |b illustrations ;  |c 25 cm. 
336 |a text  |b txt  |2 rdacontent 
337 |a unmediated  |b n  |2 rdamedia 
338 |a volume  |b nc  |2 rdacarrier 
490 1 |a Digital signal and image processing series 
500 |a "First published in France in 2001 by Hermes Science/Lavoisier entitled 'Approche bayésienne pour les problèmes inverses'"--Title page verso. 
504 |a Includes bibliographical references and index. 
650 0 |a Inverse problems (Differential equations) 
650 0 |a Bayesian statistical decision theory. 
700 1 |a Idier, Jérôme. 
700 1 |a Idier, Jérôme.  |t Approche bayésienne pour les problèmes inverses.  |l English. 
830 0 |a Digital signal and image processing series. 
856 4 2 |3 Contributor biographical information  |u http://www.loc.gov/catdir/enhancements/fy0806/2007047723-b.html  |t 0 
856 4 2 |3 Publisher description  |u http://www.loc.gov/catdir/enhancements/fy0806/2007047723-d.html  |t 0 
856 4 1 |3 Table of contents only  |u http://www.loc.gov/catdir/enhancements/fy0806/2007047723-t.html  |t 0 
938 |a Baker and Taylor  |b BTCP  |n BK0007612921 
938 |a Baker & Taylor  |b BKTY  |c 165.00  |d 165.00  |i 1848210329  |n 0007612921  |s active 
938 |a YBP Library Services  |b YANK  |n 2793793 
938 |a Blackwell Book Service  |b BBUS  |n R5718991  |c $165.00 
938 |a Blackwell Book Service UK  |b BBUK  |n L8790585  |c 80.00 
938 |a Coutts Information Services  |b COUT  |n 6500689  |c 165.00 USD 
945 |a PromptCat  |b 462580 
946 |a stk 
947 |a A14836705017 
994 |a 92  |b TXA 
948 |a cataloged  |b h  |d 2008/7/23  |h c  |e asalazar  |f 3:09:25 pm 
999 |a MARS 
999 f f |s 7a2a3081-a012-3712-877d-f2345a191ff8  |i 12b08a1e-4d4d-3ab9-9bd4-38ab576040f6  |t 0 
952 f f |p ric  |a Texas A&M University  |b Rellis Campus  |c Joint Library Facility  |d Remote Storage  |t 0  |e QA371 .B365 2008  |h Library of Congress classification  |i unmediated -- volume  |m A14836705017 
998 f f |a QA371 .B365 2008  |t 0  |l Remote Storage